|
|
|
|
| LEADER |
01174nam a2200253 a 4500 |
| 001 |
2030735 |
| 008 |
091011s1992 ctua b 001 0 eng d |
| 010 |
|
|
|a 92008839
|
| 020 |
|
|
|a 1565490134 (pbk. : alk. paper)
|
| 040 |
|
|
|a DLC
|c DLC
|d DLC
|
| 082 |
0 |
0 |
|a 363.9/6/091724
|2 20
|
| 245 |
0 |
0 |
|a Managing quality of care in population programs /
|c editor, Anrudh K. Jain.
|
| 260 |
|
|
|a West Hartford, Conn. :
|b Kumarian Press,
|c 1992.
|
| 300 |
|
|
|a xx, 162 p. :
|b ill. ;
|c 23 cm.
|
| 490 |
0 |
|
|a Kumarian Press library of management for development
|
| 504 |
|
|
|a Includes bibliographical references and index.
|
| 541 |
1 |
|
|e 00005729
|
| 650 |
|
0 |
|a Birth control clinics
|z Developing countries
|x Management.
|
| 650 |
|
0 |
|a Birth control
|z Developing countries.
|
| 700 |
1 |
|
|a Jain, Anrudh K.
|
| 852 |
4 |
|
|a Ayesha Abed Library
|j General Shelf.
|
| 999 |
|
|
|c 4403
|d 4403
|
| 952 |
|
|
|0 0
|1 0
|2 ddc
|4 0
|6 363_960917240000000_MAN_1992
|7 0
|9 4104
|a BRACUL
|b BRACUL
|c GEN
|d 2009-10-11
|g 2068.00
|l 0
|o 363.96091724 MAN
|p 3010005729
|r 2009-10-11
|t 1
|w 2009-10-11
|y BK
|
| 952 |
|
|
|0 0
|1 0
|2 ddc
|4 0
|6 363_960917240000000_MAN_1992
|7 0
|9 21492
|a BRACUL
|b BRACUL
|c GEN
|d 2012-12-05
|l 0
|o 363.96091724 MAN
|p 3010026299
|r 2012-12-05
|t 2
|w 2012-12-05
|y BK
|